FLORISTICKÉ POZNÁMKY ZO SLANSKÝCH VRCHOV I

Bibliographic Details
Main Author: Dostál, Ľudovít (Author)
Format: Article
Language:Slovak

MARC

LEADER 00000nab a2200000 a 4500
001 vtls011131646
003 SK-MaSNL
005 20260303150900.0
008 230222|1982 xo |||||||||||||||||slo|
015 |a SNBRB 
035 |a (uuid)9ad5c25c-49b7-4c16-a877-2c737bfd1c2a 
035 |a (urnnbn)urn:nbn:sk:snk:ar-a09llh 
035 |a urn:nbn:sk:snk-aba9bs 
040 |a SNKBUCL  |b slo  |c SNKBUCL  |e AACR2 
041 0 |a slo 
044 |a xo  |c SK 
100 1 |a Dostál, Ľudovít  |4 aut  |9 1121145 
245 1 0 |a FLORISTICKÉ POZNÁMKY ZO SLANSKÝCH VRCHOV I  |c Ľudovít Dostál 
773 0 |t Zborník Východoslovenského múzea v Košiciach. Prírodné vedy  |g Roč. 22-1981, č. 1 (1982), s. 41-70 
954 |a odborná, vedecká literatúra pôvodná (slovenská)  |2 lita 
958 |a OND 
958 |a EUIPO 
958 |a article13 
999 |c 2014229  |d 2016159